<?xml version="1.0" encoding="UTF-8"?>
<record
    xmlns:xsi="http://www.w3.org/2001/XMLSchema-instance"
    xsi:schemaLocation="http://www.loc.gov/MARC21/slim http://www.loc.gov/standards/marcxml/schema/MARC21slim.xsd"
    xmlns="http://www.loc.gov/MARC21/slim">

  <leader>00375nam a22001337a 4500</leader>
  <datafield tag="999" ind1=" " ind2=" ">
    <subfield code="c">1814</subfield>
    <subfield code="d">1814</subfield>
  </datafield>
  <controlfield tag="008">200204b           ||||| |||| 00| 0 eng d</controlfield>
  <datafield tag="082" ind1="0" ind2="0">
    <subfield code="a">621.43</subfield>
    <subfield code="b">G1967</subfield>
  </datafield>
  <datafield tag="100" ind1=" " ind2=" ">
    <subfield code="9">1430</subfield>
    <subfield code="a">Ganesan, V.</subfield>
  </datafield>
  <datafield tag="245" ind1="1" ind2="0">
    <subfield code="a">Internal combustion engines /</subfield>
  </datafield>
  <datafield tag="260" ind1=" " ind2=" ">
    <subfield code="a">New Delhi:</subfield>
    <subfield code="b">Tata McGraw Hill,</subfield>
    <subfield code="c">1994.</subfield>
  </datafield>
  <datafield tag="300" ind1=" " ind2=" ">
    <subfield code="a">xxx, 540 p.</subfield>
  </datafield>
  <datafield tag="650" ind1=" " ind2="0">
    <subfield code="a">Internal Combustion Engines</subfield>
  </datafield>
  <datafield tag="942" ind1=" " ind2=" ">
    <subfield code="c">BK</subfield>
  </datafield>
  <datafield tag="952" ind1=" " ind2=" ">
    <subfield code="0">0</subfield>
    <subfield code="1">0</subfield>
    <subfield code="2">ddc</subfield>
    <subfield code="4">0</subfield>
    <subfield code="6">621_430000000000000_G1967</subfield>
    <subfield code="7">0</subfield>
    <subfield code="9">4753</subfield>
    <subfield code="a">CL</subfield>
    <subfield code="b">CL</subfield>
    <subfield code="d">2000-04-07</subfield>
    <subfield code="e">Jyoti, the Book People</subfield>
    <subfield code="l">3</subfield>
    <subfield code="o">621.43 G1967</subfield>
    <subfield code="p">09037</subfield>
    <subfield code="r">2025-12-16</subfield>
    <subfield code="s">2025-11-11</subfield>
    <subfield code="v">145.00</subfield>
    <subfield code="y">BK</subfield>
  </datafield>
  <datafield tag="952" ind1=" " ind2=" ">
    <subfield code="0">0</subfield>
    <subfield code="1">0</subfield>
    <subfield code="2">ddc</subfield>
    <subfield code="4">0</subfield>
    <subfield code="6">621_430000000000000_G1967</subfield>
    <subfield code="7">0</subfield>
    <subfield code="9">4754</subfield>
    <subfield code="a">CL</subfield>
    <subfield code="b">CL</subfield>
    <subfield code="d">2000-04-07</subfield>
    <subfield code="e">Jyoti, the Book People</subfield>
    <subfield code="o">621.43 G1967</subfield>
    <subfield code="p">09038</subfield>
    <subfield code="r">2020-02-04</subfield>
    <subfield code="v">145.00</subfield>
    <subfield code="y">BK</subfield>
  </datafield>
  <datafield tag="952" ind1=" " ind2=" ">
    <subfield code="0">0</subfield>
    <subfield code="1">0</subfield>
    <subfield code="2">ddc</subfield>
    <subfield code="4">0</subfield>
    <subfield code="6">621_430000000000000_G1967</subfield>
    <subfield code="7">0</subfield>
    <subfield code="9">5135</subfield>
    <subfield code="a">CL</subfield>
    <subfield code="b">CL</subfield>
    <subfield code="d">2002-03-27</subfield>
    <subfield code="e">Jyoti, the Book People</subfield>
    <subfield code="l">1</subfield>
    <subfield code="o">621.43 G1967</subfield>
    <subfield code="p">09304</subfield>
    <subfield code="r">2024-04-01</subfield>
    <subfield code="s">2024-02-15</subfield>
    <subfield code="v">210.00</subfield>
    <subfield code="y">BK</subfield>
  </datafield>
  <datafield tag="952" ind1=" " ind2=" ">
    <subfield code="0">0</subfield>
    <subfield code="1">0</subfield>
    <subfield code="2">ddc</subfield>
    <subfield code="4">0</subfield>
    <subfield code="6">621_430000000000000_G1967</subfield>
    <subfield code="7">0</subfield>
    <subfield code="9">5136</subfield>
    <subfield code="a">CL</subfield>
    <subfield code="b">CL</subfield>
    <subfield code="d">2002-03-27</subfield>
    <subfield code="e">Jyoti, the Book People</subfield>
    <subfield code="l">3</subfield>
    <subfield code="m">2</subfield>
    <subfield code="o">621.43 G1967</subfield>
    <subfield code="p">09305</subfield>
    <subfield code="r">2025-05-01</subfield>
    <subfield code="s">2025-03-17</subfield>
    <subfield code="v">210.00</subfield>
    <subfield code="y">BK</subfield>
  </datafield>
  <datafield tag="952" ind1=" " ind2=" ">
    <subfield code="0">0</subfield>
    <subfield code="1">0</subfield>
    <subfield code="2">ddc</subfield>
    <subfield code="4">0</subfield>
    <subfield code="6">621_430000000000000_G1967</subfield>
    <subfield code="7">0</subfield>
    <subfield code="9">5137</subfield>
    <subfield code="a">CL</subfield>
    <subfield code="b">CL</subfield>
    <subfield code="d">2002-03-27</subfield>
    <subfield code="e">Jyoti, the Book People</subfield>
    <subfield code="l">3</subfield>
    <subfield code="o">621.43 G1967</subfield>
    <subfield code="p">09306</subfield>
    <subfield code="r">2024-05-30</subfield>
    <subfield code="s">2024-05-06</subfield>
    <subfield code="v">210.00</subfield>
    <subfield code="y">BK</subfield>
  </datafield>
  <datafield tag="952" ind1=" " ind2=" ">
    <subfield code="0">0</subfield>
    <subfield code="1">0</subfield>
    <subfield code="2">ddc</subfield>
    <subfield code="4">0</subfield>
    <subfield code="6">621_430000000000000_G1967</subfield>
    <subfield code="7">0</subfield>
    <subfield code="9">5138</subfield>
    <subfield code="a">CL</subfield>
    <subfield code="b">CL</subfield>
    <subfield code="d">2002-03-27</subfield>
    <subfield code="e">Jyoti, the Book People</subfield>
    <subfield code="l">2</subfield>
    <subfield code="m">1</subfield>
    <subfield code="o">621.43 G1967</subfield>
    <subfield code="p">09307</subfield>
    <subfield code="r">2024-05-31</subfield>
    <subfield code="s">2024-05-17</subfield>
    <subfield code="v">210.00</subfield>
    <subfield code="y">BK</subfield>
  </datafield>
  <datafield tag="952" ind1=" " ind2=" ">
    <subfield code="0">0</subfield>
    <subfield code="1">0</subfield>
    <subfield code="2">ddc</subfield>
    <subfield code="4">0</subfield>
    <subfield code="6">621_430000000000000_G1967</subfield>
    <subfield code="7">0</subfield>
    <subfield code="9">5139</subfield>
    <subfield code="a">CL</subfield>
    <subfield code="b">CL</subfield>
    <subfield code="d">2002-03-27</subfield>
    <subfield code="e">Jyoti, the Book People</subfield>
    <subfield code="o">621.43 G1967</subfield>
    <subfield code="p">09308</subfield>
    <subfield code="r">2020-02-07</subfield>
    <subfield code="v">210.00</subfield>
    <subfield code="y">BK</subfield>
  </datafield>
</record>
